| 000 | 00625nam a2200217 4500 | ||
|---|---|---|---|
| 003 | OSt | ||
| 005 | 20240606051708.0 | ||
| 006 | a | ||
| 008 | 240606b |||||||| |||| 00| 0 eng d | ||
| 020 | _a0609610678 | ||
| 040 |
_aDWCL-HMN lib. _cOC |
||
| 082 | _aCirc. 641.595 T877s 2003 | ||
| 100 | _aTsai, Ming | ||
| 245 | _aSimply Ming : easy techniques for East-meets-West meals / | ||
| 260 |
_aNew York : _bClarkson Potter/Publishers, _cc2003. |
||
| 300 |
_b272 pages : colored illustrations ; _c26 cm. |
||
| 504 | _aIncludes index. | ||
| 650 | _a1. Cooking, Asian. | ||
| 700 | _aMing Tsai | ||
| 942 |
_2ddc _n0 _cBK-CIRC _kCirc. |
||
| 999 |
_c269 _d269 |
||